Midwifery Casebook: A Practical Record of Maternal and Newborn Nursing for BSc Nursing Students (Record no. 8931)

MARC details
000 -LEADER
fixed length control field 00551nam a22001697a 4500
008 - FIXED-LENGTH DATA ELEMENTS--GENERAL INFORMATION
fixed length control field 220407b |||||||| |||| 00| 0 eng d
020 ## - INTERNATIONAL STANDARD BOOK NUMBER
International Standard Book Number 9789390595822
082 ## - DEWEY DECIMAL CLASSIFICATION NUMBER
Classification number 610.73 JAC 2021
100 ## - MAIN ENTRY--PERSONAL NAME
Personal name Jacob, Annamma
245 ## - TITLE STATEMENT
Title Midwifery Casebook: A Practical Record of Maternal and Newborn Nursing for BSc Nursing Students
250 ## - EDITION STATEMENT
Edition statement 8th edition
260 ## - PUBLICATION, DISTRIBUTION, ETC.
Place of publication, distribution, etc. New Delhi :
Name of publisher, distributor, etc. Jaypee Brothers Medical Publishers,
Date of publication, distribution, etc. 2021.
300 ## - PHYSICAL DESCRIPTION
Extent 657 p.
Dimensions 29 cm.
650 ## - SUBJECT ADDED ENTRY--TOPICAL TERM
Topical term or geographic name entry element Practical Record book for Nursing
700 ## - ADDED ENTRY--PERSONAL NAME
Personal name Jonathan, Christina N.
942 ## - Added entry Elements (Koha)
Source of classification or shelving scheme Dewey Decimal Classification
Holdings
Withdrawn status Lost status Source of classification or shelving scheme Damaged status Not for loan Collection code Home library Current library Shelving location Date acquired Cost, normal purchase price Serial Enumeration / chronology Total Checkouts Total Renewals Full call number Barcode Date last seen Date last checked out Price effective from Koha item type
    Dewey Decimal Classification     Main TEST RTC Library RTC Library Main opac 07/04/2022 536.00 16291 1 6 610.73 JAC 2021 30015396 28/05/2024 27/07/2022 07/04/2022 Main
Royal Thimphu College || All Right Reserved